Online Catalogue and eLibrary

Plato the republic (Record no. 695)

MARC details
000 -LEADER
fixed length control field 00406nam a2200169Ia 4500
005 - DATE AND TIME OF LATEST TRANSACTION
control field 20240702023559.0
008 - FIXED-LENGTH DATA ELEMENTS--GENERAL INFORMATION
fixed length control field 240331s9999 xx 000 0 und d
020 ## - INTERNATIONAL STANDARD BOOK NUMBER
ISBN 0140440488
082 ## - DDC Classification
Class No. 100
Item Number - Author Mark PLA
245 #0 - TITLE STATEMENT
Title Plato the republic
250 ## - EDITION STATEMENT
Edition statement 2nd (Revised)
260 ## - PUBLICATION, DISTRIBUTION, ETC.
Place of publication, distribution, etc. New Zealand
Name of publisher, distributor, etc. Penguin Books
Date of publication, distribution, etc. 1974
300 ## - PHYSICAL DESCRIPTION
Extent (e.g. Volumes, Pages etc.) 467, p .,
650 ## - SUBJECT ADDED ENTRY--TOPICAL TERM
Topical term or geographic name entry element Philosophy
650 ## - SUBJECT ADDED ENTRY--TOPICAL TERM
Topical term or geographic name entry element Political affairs
942 ## - Koha item type (Biblio)
Koha item type Books in Stacks (Lending)
Holdings
Lost status Damaged status Collection code Home library Current library Shelving location Date acquired Full call number Accession Number Item type
    Lending WERC Library WERC Library Social Science Cupboard 03/31/2024 100 PLA 1354 Books in Stacks (Lending)

© WERC Library